| Поле | Инд. | ПП | Название | Значение |
|---|---|---|---|---|
| Тип записи | a | |||
| Библиографический уровень | m | |||
| 001 | Контрольный номер | 977473bd-5251-419f-ae5e-4b246d762cde | ||
| 005 | Дата корректировки | 20260521085126.1 | ||
| 008 | Кодируемые данные | 000410 d | ||
| 020 | a | ISBN | 5-02-031089-1 | |
| 040 | a | Служба первич. каталог. | НБ ТвГУ | |
| 041 | 0_ | a | Код языка текста | rus |
| 080 | a | Индекс УДК | 316.334.2(470) | |
| a | Индекс УДК | 947.0"191-" | ||
| 084 | a | Индекс другой классификации/Индекс ББК | С59(2РОС)420 | |
| a | Индекс другой классификации/Индекс ББК | С51(2)6 | ||
| a | Индекс другой классификации/Индекс ББК | Т3(2)64-2 | ||
| 090 | x | Авторский знак | С69 | |
| a | Полочн. индекс | С59(2РОС) | ||
| 100 | 1_ | a | Автор | Артемов Виктор Андреевич |
| 242 | 10 | a | Перевод заглавия | Social Trajectory of Russia's Reformation |
| y | Код языка перевода | eng | ||
| 245 | 0_ | a | Заглавие | Социальная траектория реформируемой России |
| b | Продолж. заглавия | Исслед. Новосиб. экон.-социол. шк. | ||
| c | Ответственность | [Авт.В.А. Артемов, О.Э. Бессонова, Т.Ю. Богомолова и др.; Редкол.: Т.И. Заславская (отв. ред.), З.И. Калугина (отв. ред.) и др.]; РАН. Сиб. отд-ние. Ин-т экономики и орг. пром. пр-ва | ||
| c | Ответственность | Ин-т экономики и орг. пром. пр-ва СО РАН | ||
| 260 | 0_ | a | Место издания | Новосибирск |
| b | Издательство | Наука. Сиб. предприятие РАН | ||
| c | Дата издания | 1999 | ||
| 300 | a | Объем | 735 с. | |
| b | Иллюстрации/ тип воспроизводства | табл. | ||
| 504 | a | Библиография | Библиогр.: с.727-732. - Библиогр. в примеч. в конце глав. | |
| 650 | 04 | a | Основная рубрика | Российская Федерация |
| x | Основная подрубрика | Социально-экономическое развитие | ||
| 650 | 04 | a | Основная рубрика | Экономическая социология |
| 650 | 04 | a | Основная рубрика | СССР |
| x | Основная подрубрика | История | ||
| y | Хронологическая подрубрика | 1990 | ||
| 653 | 0_ | a | Ключевые слова | Новосибирская школа социологии |
| a | Ключевые слова | История СССР | ||
| a | Ключевые слова | История России | ||
| a | Ключевые слова | Социальное развитие России | ||
| a | Ключевые слова | Экономическая социология | ||
| a | Ключевые слова | Российская Федерация | ||
| a | Ключевые слова | Бизнес в России | ||
| a | Ключевые слова | Экономическая история России | ||
| 700 | 1_ | a | Другие авторы | Бессонова Ольга Эрнестовна |
| 700 | 1_ | a | Другие авторы | Богомолова Татьяна Юрьевна |
| 700 | 1_ | a | Другие авторы | Гвоздева Галина Петровна |
| 700 | 1_ | a | Другие авторы | Герчиков Владимир Исакович |
| 700 | 1_ | a | Другие авторы | Заславская Татьяна Ивановна |
| 700 | 1_ | a | Другие авторы | Калугина Земфира Ивановна |
| 852 | 41 | i | Расстановочный признак | Проверка 2026 |
| 920 | a | Оператор | Поля | |
| 952 | c | Вид литературы | К рн | |
| 954 | a | Дата поступления на обработку | 20000410 |